000 00546nam a2200205Ia 4500
005 20230626145651.0
008 131103s9999 xx 000 0 und d
040 _aLoreto College
041 _aEnglish
082 _a301.15
_bDEW
100 _aDewey,John
245 _aHuman nature and condict
_b an introduction to social psychology
_cJohn Dewey
260 _aNew York
_bCarton House
_c1922
300 _avii,336 p.
504 _aIncludes index
650 _aSociology
651 _aSocial Interaction
850 _aLCLIB
942 _cBK
999 _c11082
_d61561